Towards a Holistic and Integrated Sustainable Framework
Analýza trvalo udržateľného rozvoja v kontexte komplexného a holistického rámca s dôrazom na potrebu väčšej integrácie rozhodovacieho procesu na celosvetovej úrovni.
Saved in:
| Main Author: | |
|---|---|
| Other Authors: | |
| Format: | Book Chapter |
| Language: | English |
| Subjects: | |
| Tags: |
No Tags, Be the first to tag this record!
|
MARC
| LEADER | 00000naa$a2200000$$$4500 | ||
|---|---|---|---|
| 001 | 0249722 | ||
| 005 | 20240502074009.4 | ||
| 041 | 0 | |a eng | |
| 044 | |a SK | ||
| 245 | 1 | 0 | |a Towards a Holistic and Integrated Sustainable Framework |c Katarína Súkeníková, Eva Bikárová |
| 520 | |a Analýza trvalo udržateľného rozvoja v kontexte komplexného a holistického rámca s dôrazom na potrebu väčšej integrácie rozhodovacieho procesu na celosvetovej úrovni. | ||
| 610 | 2 | 0 | |a rozvoj trvalo udržateľný |
| 610 | 2 | 0 | |a zodpovednosť spoločenská |
| 610 | 2 | 0 | |a globalizácia |
| 610 | 2 | 0 | |a prostredie životné |
| 610 | 2 | 0 | |a problémy globálne |
| 100 | 1 | |a Súkeníková, Katarína | |
| 700 | 1 | |a Bikárová, Eva | |